000 00491nam a2200145 a 4500
008 120416s1976 ||||||||||||||||| || u
020 _a0201023415
050 _aQA 162 Fra
100 _aFraleigh, John B
245 1 2 _aA first course in abstract algebra
260 _aReading
_bAddison-Wesley
_c1976
300 _axvi,455p.
350 _a0.00
995 _D0.00
_FCBU-MAIN LIBRARY (Kitwe)
_H1
_I8.95
_M1
_UDAMAGED
_ZMain Library Open Access Collection
999 _c43543
_d43543